Trendy a kľúčové výzvy vo výrobe

Optimalizácia výrobných procesov a zníženie spotreby energie v automobilovom priemysle správnym vyhodnotením a porovnaním jednotlivých variantov bez toho, aby sa museli zmeniť alebo ovplyvniť existujúce procesy.

Enregistré dans:
Détails bibliographiques
Auteur principal: Tencer, Tomáš
Format: Chapitre de livre
Langue:slovaque
Sujets:
Tags: Ajouter un tag
Pas de tags, Soyez le premier à ajouter un tag!

MARC

LEADER 00000naa a2200000 4500
001 0177908
005 20231208113654.7
041 0 |a slo 
044 |a SK 
245 1 0 |a Trendy a kľúčové výzvy vo výrobe  |c Tomáš Tencer 
520 |a Optimalizácia výrobných procesov a zníženie spotreby energie v automobilovom priemysle správnym vyhodnotením a porovnaním jednotlivých variantov bez toho, aby sa museli zmeniť alebo ovplyvniť existujúce procesy. 
610 2 0 |a priemysel automobilový 
610 2 0 |a linky výrobné 
610 2 0 |a proces výrobný 
610 2 0 |a náročnosť výroby energetická 
610 2 0 |a úspory energie 
100 1 |a Tencer, Tomáš